Příprava a operativní řízení výroby
Salvato in:
| Autore principale: | |
|---|---|
| Altri autori: | , |
| Natura: | Libro |
| Lingua: | ceco |
| Pubblicazione: |
Praha
Státní nakladatelství technické literatury
1990
|
| Tags: |
Nessun Tag, puoi essere il primo ad aggiungerne!!
|
MARC
| LEADER | 00000nam a2200000 4500 | ||
|---|---|---|---|
| 001 | c030477 | ||
| 005 | 20250930081129.0 | ||
| 041 | 0 | |a cze | |
| 044 | |a CZ | ||
| 245 | 1 | 0 | |a Příprava a operativní řízení výroby |c Eva Kotlasová, Alena Benešová, Helena Hrůzová |
| 264 | 1 | |a Praha |b Státní nakladatelství technické literatury |c 1990 | |
| 300 | |a 265 s. |e príl. tab. | ||
| 100 | 1 | |a Kotlasová, Eva | |
| 700 | 1 | |a Benešová, Alena | |
| 700 | 1 | |a Hrůzová, Helena | |